000 00449nam a2200169Ia 4500
003 OSt
005 20260316095341.0
008 211028s2014 xx 000 0 und d
040 _cAIMIT LIBRARY
041 _aeng
100 _aD'almeida, Vinilda; Manimozhi, R.
_g111820
_94377
110 _aRoshan Suvaris
_94378
245 _aEasy schedule /
260 _aBangalore
_c2014
710 _a4c-learning Solutions Pvt. Ltd.
_94379
942 _2ddc
_cPRO
999 _c217550
_d217550